La educación superior en México entre 1990 y 2010 : una conjetura para comprender su transformación (Record no. 160232)

MARC details
000 -CABECERA
campo de control de longitud fija 00649nab a2200205 a 4500
005 - FECHA Y HORA DE LA ÚLTIMA TRANSACCIÓN
campo de control 20210219161604.0
008 - ELEMENTOS DE LONGITUD FIJA--INFORMACIÓN GENERAL
campo de control de longitud fija 991125s1985 mx 000 0 spa u
035 ## - NÚMERO DE CONTROL DEL SISTEMA
Número de control de sistema UPN01000188129
100 1# - ASIENTO PRINCIPAL--NOMBRE PERSONAL
Nombre de persona Gil Antón, Manuel
222 ## - TÍTULO CLAVE
Título clave ESTUDIOS SOCIOLOGICOS DE EL COLEGIO DE MEXICO
245 ## - MENCIÓN DE TÍTULO
Título La educación superior en México entre 1990 y 2010 : una conjetura para comprender su transformación
300 ## - DESCRIPCIÓN FÍSICA
Extensión 549-566
362 0# - FECHAS DE PUBLICACIÓN Y/O DESIGNACIÓN SECUENCIAL
Fecha de publicación y/o designación secuencial 2012 Vol. 30, no. 89, may.-ago.
653 0# - TERMINO DE INDIZACION - NO CONTROLADO
Término no controlado EDUCACION SUPERIOR
653 0# - TERMINO DE INDIZACION - NO CONTROLADO
Término no controlado DESEMPEÑO ACADEMICO
653 0# - TERMINO DE INDIZACION - NO CONTROLADO
Término no controlado MAESTROS
653 0# - TERMINO DE INDIZACION - NO CONTROLADO
Término no controlado CALIDAD ACADEMICA
653 0# - TERMINO DE INDIZACION - NO CONTROLADO
Término no controlado ESTIMULO ECONOMICO
905 ## - TIPO DE MATERIAL
Tipo de material Articulo

No items available.